Statistiken für Allgemeinwissen der Geschichte #5

Klicken Sie hier um das Quiz zu spielen!

Allgemein

  • Dieses Quiz wurde 4.642 mal gespielt
  • Das Durchschnittsergebnis liegt bei 11 aus 20

Antwortstatistiken

FrageAntwort% Korrekt
Was war der Spitzname von Ludwig XIV.?Der {Sonnen}könig
86%
In welches Land wurden 165'000 britische Verurteilte "transportiert"?Australien
81%
Welcher Subkontinent ist mit dem Begriff 'British Raj' gemeint?Indien
79%
Mit wem arbeitete Friedrich Engels berühmterweise zusammen?Karl Marx
69%
Welches Land war früher als "Siam" bekannt?Thailand
69%
Welcher berühmte Zug verkehrte zwischen Paris und Istanbul?Orient-Express
67%
Welcher spontane Waffenstillstand des 1. Weltkriegs fand gegen Ende
des Jahres 1914 statt?
{Weihnachts}frieden
66%
Welche russische Kaiserin hatte Affären mit vielen Männern?Katharina die Große
65%
Was war die Währung Österreichs vor der Einführung des Euros?Schilling
64%
Welches Musikfestival des Jahres 1969 wird manchmal als Höhepunkt der Hippie-Bewegung angesehen?Woodstock
64%
In welchem Wald wurden die Römer in der Varusschlacht vernichtend geschlagen?{Teutoburger} Wald
63%
Welchen Sport könnte ein antiker Römer in einem Hippodrom oder in einem Circus geschaut haben?Wagenrennen
63%
Welche Geheimgesellschaft hat seine Ursprünge in mittelalterlichen Steinmetzen?Freimaurerei
58%
Welche jüdische Bankiersfamilie entstammt dem Frankfurter Ghetto und wurde unvorstellbar wohlhabend?Rothschild
52%
Welcher Krieg wird in Picassos Guernica gezeigt?Spanischer Bürgerkrieg
39%
Wer war der Oberbefehlshaber der Alliierten in Europa während des 2. Weltkrieges?Dwight Eisenhower
33%
Was war der Name der aufgezwungenen Vertreibung der Cherokee und anderer Stämme
aus dem Südosten der USA?
Pfad der {Tränen}
24%
Welche religiöse Orden wurde von Ignatius von Loyola gegründet, um die katholische Kirche zu reformieren?Jesuiten
19%
Welcher puritanische englische Herrscher verbot Weihnachten?Oliver Cromwell
14%
Wer sendete ein Telegramm aus Kitty Hawk im Jahre 1903?Orville Wright
10%

Verteilung der Resultate

Perzentil nach korrekt beantworteten Fragen

Anzahl Personen mit jedem Resultat

Ihre Resultats-Entwicklung

Sie haben dieses Quiz noch nicht gespielt